The young surveyor's preceptor and architect's and builder's guide (Record no. 114038)
[ view plain ]
| 000 -LEADER | |
|---|---|
| fixed length control field | 00865cam a22001935a 4500 |
| 001 - CONTROL NUMBER | |
| control field | L156110 |
| 008 - FIXED-LENGTH DATA ELEMENTS--GENERAL INFORMATION | |
| fixed length control field | 120430s1859 xxk f 000 0 eng d |
| 035 ## - SYSTEM CONTROL NUMBER | |
| System control number | (Sirsi) u156110 |
| 041 0# - LANGUAGE CODE | |
| Language code of text/sound track or separate title | eng |
| 100 1# - MAIN ENTRY--PERSONAL NAME | |
| Personal name | Reid, John |
| 245 04 - TITLE STATEMENT | |
| Title | The young surveyor's preceptor and architect's and builder's guide |
| Remainder of title | a clear and comprehensive analysis of the art of architectural mensuration ; being a familiar practical system, by which the student may teach himself to ascertain correctly the dimensions, quantities, and value of every description of builder's work ... |
| 250 ## - EDITION STATEMENT | |
| Edition statement | 2nd ed., rev., and carefully corr. |
| 260 ## - PUBLICATION, DISTRIBUTION, ETC. | |
| Place of publication, distribution, etc. | London |
| Name of publisher, distributor, etc. | Simpkin, Marshall |
| Date of publication, distribution, etc. | 1859 |
| 300 ## - PHYSICAL DESCRIPTION | |
| Extent | 193 p., 16 leaves of plates |
| Other physical details | ill., plans |
| Dimensions | 30 cm. |
| 583 ## - ACTION NOTE | |
| Action | Condition reviewed |
| Time/date of action | 20120620 |
| Status | condition level 4 |
| 651 #4 - SUBJECT ADDED ENTRY--GEOGRAPHIC NAME | |
| Geographic name | Great Britain |
| Chronological subdivision | 1707- |
| 690 ## - LOCAL SUBJECT ADDED ENTRY--TOPICAL TERM (OCLC, RLIN) | |
| Topical term or geographic name as entry element | Measurement |
| 9 (RLIN) | 6256 |
| 942 ## - ADDED ENTRY ELEMENTS (KOHA) | |
| Suppress in OPAC | 0 |
| Withdrawn status | Lost status | Source of classification or shelving scheme | Damaged status | Not for loan | Home library | Current library | Shelving location | Date acquired | Total Checkouts | Full call number | Barcode | Date last seen | Copy number | Price effective from | Koha item type |
|---|---|---|---|---|---|---|---|---|---|---|---|---|---|---|---|
| Dewey Decimal Classification | Historic collection | Historic collection | Historic collection | 30/04/2012 | QUARTO 1859 REID | 30077996 | 06/08/2019 | 1 | 06/08/2019 | Book |